书目信息 |
| 题名: |
形象色彩学
|
|
| 作者: | 吴帆 主编 | |
| 分册: | ||
| 出版信息: | 上海 上海交通大学出版社 2004.08 |
|
| 页数: | 96页 | |
| 开本: | 29cm | |
| 丛书名: | 21世纪高等职业教育通用教材 | |
| 单 册: | ||
| 中图分类: | J063 | |
| 科图分类: | ||
| 主题词: | 色彩学--高等学校--技术学校--教材 | |
| 电子资源: | ||
| ISBN: | 7-313-03764-3 | |
| 000 | 00874nam 2200253 450 | |
| 001 | 0172853424 | |
| 005 | 20050919174401.43 | |
| 010 | @a7-313-03764-3@dCNY48.00 | |
| 100 | @a20050316d2004 km y0chiy0120 ea | |
| 101 | 0 | @achi |
| 102 | @aCN@b310000 | |
| 105 | @aac a 000yy | |
| 200 | 1 | @a形象色彩学@Axing xiang se cai xue@f吴帆主编@Fwu fan zhu bian |
| 210 | @a上海@c上海交通大学出版社@d2004.08 | |
| 215 | @a96页@c彩图, 肖像@d29cm | |
| 225 | 2 | @a21世纪高等职业教育通用教材 |
| 320 | @a有书目 (第96页)。 | |
| 330 | @a本书介绍了简便易学的色彩搭配系统,从简单的基本色彩知识着手,根据该学科的特点分析人物形象的配色关系以及色彩在形象设计专业中运用的独特方法等。 | |
| 410 | 0 | @12001 @a21世纪高等职业教育通用教材 |
| 606 | 0 | @a色彩学@x高等学校@x技术学校@x教材 |
| 690 | @aJ063@v4 | |
| 701 | 0 | @a吴帆@Awu fan@4主编 |
| 801 | 0 | @aCN@bQSSK@c20050919 |
| 905 | @a10447@dJ063@eW775 | |
| 形象色彩学/吴帆主编.-上海:上海交通大学出版社,2004.08 |
| 96页:彩图, 肖像;29cm.-(21世纪高等职业教育通用教材) |
| ISBN 7-313-03764-3:CNY48.00 |
| 本书介绍了简便易学的色彩搭配系统,从简单的基本色彩知识着手,根据该学科的特点分析人物形象的配色关系以及色彩在形象设计专业中运用的独特方法等。 |
| ● |
| 相关链接 |
|
|
|
正题名:形象色彩学
索取号:J063/W775
 
预约/预借
| 序号 | 登录号 | 条形码 | 馆藏地/架位号 | 状态 | 备注 |
| 1 | 523561 | 205235618 | 社科库309/309社科库 64排4列2层/ [索取号:J063/W775] | 在馆 | |
| 2 | 523562 | 205235627 | 社科库309/309社科库 64排4列2层/ [索取号:J063/W775] | 在馆 |